|
|
|
|
| LEADER |
01332nam a2200349 a 4500 |
| 001 |
41011 |
| 003 |
BD-DhAAL |
| 005 |
20230328122534.0 |
| 008 |
230328t2003 bg a bs i000 0 eng d |
| 010 |
|
|
|a 2004329922
|
| 025 |
|
|
|a B-E-2004-329922; 23
|
| 035 |
|
|
|a (DLC) 2004329922
|
| 037 |
|
|
|b Library of Congress -- New Delhi Overseas Office
|c Tk700.00
|
| 040 |
|
|
|a DLC
|c DLC
|d BD-DhAAL
|
| 042 |
|
|
|a lcode
|
| 043 |
|
|
|a a-bg---
|
| 050 |
0 |
0 |
|a HC440.8
|b .B3458 2003
|
| 082 |
|
|
|a 337.5492
|2 23
|
| 245 |
0 |
0 |
|a Bangladesh, achievements and challenges :
|b development policy review.
|
| 260 |
|
|
|a Dhaka :
|b World Bank,
|c 2003.
|
| 300 |
|
|
|a xvi, 115 pages :
|b illustrations ;
|c 27 cm.
|
| 500 |
|
|
|a Includes statistical tables.
|
| 504 |
|
|
|a Includes bibliographical references (pages [77]-80).
|
| 541 |
|
|
|a Donated By Akbar Ali Khan
|e 41011
|
| 650 |
|
0 |
|a Infrastructure (Economics)
|z Bangladesh.
|
| 651 |
|
0 |
|a Bangladesh
|x Economic policy.
|
| 651 |
|
0 |
|a Bangladesh
|x Economic policy
|v Statistics.
|
| 710 |
2 |
|
|a World Bank.
|b Bangladesh Dhaka Office.
|
| 852 |
|
|
|a Ayesha Abed Library
|c Akbar Ali Khan Collection
|
| 942 |
|
|
|2 ddc
|c BK
|
| 999 |
|
|
|c 45639
|d 45639
|
| 952 |
|
|
|0 0
|1 0
|2 ddc
|4 0
|6 337_549200000000000_BAN
|7 1
|9 73474
|a BRACUL
|b BRACUL
|c AAKC
|d 2023-03-28
|e Donated By Akbar Ali Khan
|l 0
|o 337.5492 BAN
|p 3010041011
|r 2023-03-28
|t 1
|w 2023-03-28
|y BK
|